00442nam a2200169Ia 4500003000400000005001700004008004100021020001500062040002900077050002300106100002000129245002700149250001100176260002600187300003200213650002700245OSt20230807091628.0221221s9999 xx 000 0 und d a0205366929 cChuka University Library aLB 1051 bW74 2004 aWoolfolk, Anita 0aEducational psychology a9th ed aBostonbPearsonc2004 a669pbcolored illustrations aEducational psychology